Billboard Hot 100 Year-End Singles of 2017 - Statistics

General Stats
  • This quiz has been taken 1,316 times
  • The average score is 56 of 100
Answer Stats
# Song Artist % Correct
1 Shape Of You Ed Sheeran
99%
40 Castle On The Hill Ed Sheeran
99%
3 That's What I Like Bruno Mars
95%
16 24K Magic Bruno Mars
95%
5 Something Just Like This The Chainsmokers & Coldplay
89%
26 I Don't Wanna Live Forever (Fifty Shades Darker) Zayn & Taylor Swift
89%
20 Starboy The Weeknd featuring Daft Punk
88%
34 I Feel It Coming The Weeknd featuring Daft Punk
88%
39 Look What You Made Me Do Taylor Swift
87%
9 Believer Imagine Dragons
86%
51 Thunder Imagine Dragons
86%
42 Paris The Chainsmokers
86%
7 Closer The Chainsmokers featuring Halsey
86%
2 Despacito Luis Fonsi & Daddy Yankee featuring Justin Bieber
85%
49 Can't Stop The Feeling! Justin Timberlake
84%
23 There's Nothing Holdin' Me Back Shawn Mendes
84%
54 Mercy Shawn Mendes
84%
92 Treat You Better Shawn Mendes
84%
4 Humble. Kendrick Lamar
83%
62 DNA. Kendrick Lamar
83%
41 Bad Things Machine Gun Kelly & Camila Cabello
83%
96 Havana Camila Cabello featuring Young Thug
82%
56 Rockstar Post Malone featuring 21 Savage
82%
10 Congratulations Post Malone featuring Quavo
82%
66 Loyalty. Kendrick Lamar featuring Rihanna
81%
43 Side To Side Ariana Grande featuring Nicki Minaj
77%
24 Bodak Yellow (Money Moves) Cardi B
77%
33 Love On The Brain Rihanna
76%
37 Fake Love Drake
74%
65 Passionfruit Drake
74%
87 Sign Of The Times Harry Styles
72%
58 Heathens twenty one pilots
70%
77 Too Good At Goodbyes Sam Smith
68%
22 Attention Charlie Puth
66%
73 Chained To The Rhythm Katy Perry featuring Skip Marley
66%
21 Location Khalid
65%
78 Young Dumb & Broke Khalid
65%
12 I'm The One DJ Khaled featuring Justin Bieber, Quavo, Chance The Rapper & Lil Wayne
64%
18 Wild Thoughts DJ Khaled featuring Rihanna & Bryson Tiller
64%
89 Malibu Miley Cyrus
64%
17 Stay Zedd & Alessia Cara
64%
47 Sorry Not Sorry Demi Lovato
63%
30 Scars To Your Beautiful Alessia Cara
61%
69 Cold Maroon 5 featuring Future
60%
38 Don't Wanna Know Maroon 5 featuring Kendrick Lamar
60%
97 What Lovers Do Maroon 5 featuring SZA
60%
52 T-Shirt Migos
60%
86 Slippery Migos featuring Gucci Mane
60%
6 Bad And Boujee Migos featuring Lil Uzi Vert
60%
84 What About Us P!nk
60%
27 It Ain't Me Kygo & Selena Gomez
58%
31 1-800-273-8255 Logic featuring Alessia Cara & Khalid
58%
85 Swalla Jason Derulo featuring Nicki Minaj & Ty Dolla $ign
57%
36 Strip That Down Liam Payne featuring Quavo
57%
14 Mask Off Future
55%
32 Slow Hands Niall Horan
55%
68 Goosebumps Travis Scott featuring Kendrick Lamar
55%
63 Juju On That Beat (TZ Anthem) Zay Hilfigerrr & Zayion McCall
54%
11 Say You Won't Let Go James Arthur
53%
13 XO TOUR Llif3 Lil Uzi Vert
53%
25 Redbone Childish Gambino
52%
44 Rockabye Clean Bandit featuring Sean Paul & Anne-Marie
52%
88 Water Under The Bridge Adele
48%
71 Slide Calvin Harris featuring Frank Ocean & Migos
48%
74 Feels Calvin Harris featuring Pharrell Williams, Katy Perry & Big Sean
48%
45 Feel It Still Portugal. The Man
48%
15 Unforgettable French Montana featuring Swae Lee
45%
64 Swang Rae Sremmurd
45%
50 Mi Gente J. Balvin & Willy William featuring Beyoncé
44%
29 Issues Julia Michaels
41%
67 Praying Kesha
41%
48 Bank Account 21 Savage
40%
55 Tunnel Vision Kodak Black
40%
46 Let Me Love You DJ Snake featuring Justin Bieber
39%
59 Now Or Never Halsey
39%
19 Black Beatles Rae Sremmurd featuring Gucci Mane
37%
99 Look At Me! XXXTentacion
37%
8 Body Like A Back Road Sam Hunt
36%
82 Starving Hailee Steinfeld & Grey featuring Zedd
35%
28 iSpy KYLE featuring Lil Yachty
35%
35 Bounce Back Big Sean
30%
70 Broccoli D.R.A.M. featuring Lil Yachty
29%
80 Love Galore SZA featuring Travis Scott
29%
83 Both Gucci Mane featuring Drake
25%
93 I Get The Bag Gucci Mane featuring Migos
25%
75 All Time Low Jon Bellion
25%
79 Magnolia Playboi Carti
25%
60 Caroline Aminé
23%
98 Do Re Mi Blackbear
23%
81 Drowning A Boogie wit da Hoodie featuring Kodak Black
20%
61 Rolex Ayo & Teo
20%
91 No Promises Cheat Codes featuring Demi Lovato
20%
53 Rake It Up Yo Gotti featuring Nicki Minaj
18%
57 In Case You Didn't Know Brett Young
17%
76 Hurricane Luke Combs
12%
72 What Ifs Kane Brown featuring Lauren Alaina
11%
100 The Fighter Keith Urban featuring Carrie Underwood
11%
90 Down Marian Hill
7%
95 Everyday We Lit YFN Lucci featuring PnB Rock
7%
94 Small Town Boy Dustin Lynch
6%
No matching quizzes found
Score Distribution
Percent of People with Each Score
Percentile by Number Answered
Your Score History
You have not taken this quiz